La primera guerra mundial
Salvato in:
| Autore principale: | |
|---|---|
| Natura: | Libro |
| Lingua: | spagnolo |
| Pubblicazione: |
Barcelona
Oikos-Tau
1972
|
| Serie: | Colección qué sé ?, 78
|
| Soggetti: | |
| Tags: |
Aggiungi Tag
Nessun Tag, puoi essere il primo ad aggiungerne!!
|
MARC
| LEADER | 00000nam a2200000 a 4500 | ||
|---|---|---|---|
| 001 | UCW9746 | ||
| 003 | CL-VaPUC | ||
| 008 | 890614e19720000SP |||||||||||||||||spa|d | ||
| 082 | 0 | 4 | |a 940.3 |b REN |2 21 |
| 100 | 0 | |a Renouvin, Pierre |e author |9 315151 | |
| 245 | 1 | 3 | |a La primera guerra mundial |
| 300 | |a 123 p | ||
| 942 | |c BK | ||
| 945 | |d 19890614 00:00:00 | ||
| 260 | |a Barcelona |b Oikos-Tau |c 1972 | ||
| 650 | 7 | |a GUERRA MUNDIAL I CAMPAÑAS 1914-1918 |2 CL-VaPUC |9 315152 | |
| 650 | 7 | |a HISTORIA 1914-1918 |2 CL-VaPUC |9 315153 | |
| 651 | 0 | |a Europa |9 255156 | |
| 583 | |a last modification |c 19890614 00:00:00 |k Rodrigo Vera | ||
| 490 | 0 | |a Colección qué sé ?, 78 | |
| 999 | |c 221643 |d 221641 | ||
| 952 | |0 0 |1 0 |4 0 |6 940_300000000000000_REN_1972 |7 0 |8 A |9 215336 |a BIBHIS |b BIBHIS |d 2019-11-15 |i 2837528 |o 940.3 REN 1972 |p 2837528 |r 2025-01-20 |w 2019-11-15 |y BK |k HIS | ||
| 952 | |0 0 |1 0 |4 0 |6 940_300000000000000_REN_1972 |7 0 |8 A |9 215337 |a BIBHIS |b BIBHIS |d 2019-11-15 |i 138239K |o 940.3 REN 1972 |p 138239K |r 2025-01-20 |w 2019-11-15 |y BK |k HIS | ||